00753nam a22002417a 450000500170000001000110001702000100002803500110003803700160004904000120006508200130007710000270009024500540011726000400017127000110021130000240022250000190024665000440026565000430030994200220035299900190037495201180039320170124110124.0 a147107 c00.00 a147107 bCen Lib/Ret aDPLbEN a921bHUS aHusain, S. Abid928153 aThe way of Gandhi and Nehru /cby S. Abid Hussain bAsia Publishing HouseaBombayc1959 bBombay axiv,182p. c21m(Hb) aIncludes index aGandhi, -- Mahatma, -- 1869-1948931260 aNehru, Jawaharlal, -- 1889-1964931261 2ddccENh921mHUS c131241d131241 00104070aLbLd2015-07-14eCen Lib/Retg0.00l0o921 HUSp147107r2015-07-14 00:00:00t1v0.00w2015-07-14yEN